000 00569nam a2200193Ia 4500
005 20260120124602.0
008 008 260114s9999 xx 000 0 eng d
020 _a9780857242235
037 _aEBOOK
040 _aCRL
_beng
_cCRL
041 _aeng
_2eng
084 _qCRL
245 0 _aTheorizing the Dynamics of Social Processes
260 _bEmerald Publishing
_c2010
700 _aProfessor Harry F. Dahms
_9908081
856 _uhttps://www.emerald.com/insight/publication/doi/10.1108/S0278-1204(2010)27
942 _cEBOOK
999 _c1499970
_d1499970